Περί μεγεθών καί αποστημάτων Ηλίου τε και Σελήνης
Αποθηκεύτηκε σε:
| Κύριος συγγραφέας: | |
|---|---|
| Μορφή: | Βιβλίο |
| Γλώσσα: | Greek Ancient Greek |
| Δημοσίευση: |
Αθήνα :
Σύγχρονοι Ορίζοντες,
2003.
|
| Σειρά: | Αρχειοθήκη
|
| Θέματα: | |
| Ετικέτες: |
Προσθήκη ετικέτας
Δεν υπάρχουν, Καταχωρήστε ετικέτα πρώτοι!
|
MARC
| LEADER | 00000cam a2200000 i 4500 | ||
|---|---|---|---|
| 001 | 1/78867 | ||
| 008 | 050616s2003 gr | ||| |||| ||gre|| | ||
| 020 | |a 9603980978 | ||
| 035 | |l 10078614 | ||
| 040 | |a GR-MyUa |b gre |e AACR2 | ||
| 041 | 0 | |a gre |h grc | |
| 082 | 7 | |a 523 |2 (22) | |
| 100 | 0 | |a Αρίσταρχος ο Σάμιος, |d π. 310-π. 230. | |
| 245 | 1 | 0 | |a Περί μεγεθών καί αποστημάτων Ηλίου τε και Σελήνης / |c Αριστάρχου του Σάμιου ; πρόλογος, μετάφραση: Θανάσης Γεωργιάδης. |
| 260 | |a Αθήνα : |b Σύγχρονοι Ορίζοντες, |c 2003. | ||
| 300 | |a 141 σ. ; |c 21 εκ. | ||
| 490 | 1 | |a (Αρχειοθήκη) | |
| 500 | |a Με: Η χριστιανοσύνη ή άλλως Ευρώπη / Νοβάλις. - Η ελληνική σκέψη και ο ενιαίος ευρωπαϊκός χώρος / Γιάννης Καράς. | ||
| 600 | 0 | 0 | |a Αρίσταρχος ο Σάμιος, |d π. 310-π. 230. |
| 650 | 0 | |a Astronomy, Greek. | |
| 830 | 0 | |a Αρχειοθήκη | |
| 852 | |a INST |b RHODES |c KRI |e 20050616 |h 523 ΑΡΙ |p 005400023324 |q 005400023324 |t BK |y 0 | ||
| 901 | |a BIBL4-2005-2 | ||
| 970 | |a ΚΟΖΑ |b ΜΑΡΙΑ |z 2005/06/16 | ||